000 00177nam a2200073Ia 4500
008 170524s9999 xx 000 0 und d
100 _aPANDEY- DN
245 0 _aMANAGERIAL ECONOMICS
260 _bPEARSON EDUCATION
999 _c7860
_d7860